000 00433nam a2200181Ia 4500
001 908
005 20260306140552.0
008 260306t1994||||xx |||||||||||||| ||spa||
041 _aESP
082 _a174
_bG73
100 _aGoodwin, H. Eugene
_eAUT
245 2 _aA la búsqueda de una ética en el periodismo
260 _c1994
300 _a444 páginas :
_c21 cm.
650 _aGEN
654 _aCHU
942 _cLIB
_dJUS
_fJUS
_2ddc
_n
999 _c908
_d908